000 00601nam a2200205Ia 4500
003 GCL
008 140319s9999 xx 000 0 ara d
040 _aGCL /
_cGCL
082 0 4 _a784
_bك غ
100 1 _aكمال النجمى
245 1 0 _aالغناء المصرى: مطربون ومستمعون /
_cكمال النجمى
260 _a[S.N] :
_bدار الهلال للطباعة والنشر ،
_c1993
300 _a452 ص
490 _a
650 0 4 _aمصر
650 0 4 _aالموسيقى
650 0 4 _aالغناء
650 0 4 _aالمطربون والمطربات
942 _2ddc
_cBK
999 _c33206
_d33206